| Tag |
First Indicator |
Second Indicator |
Subfields |
| LEADER |
00000cam a22000007 4500 |
| 001 |
in00005674513 |
| 006 |
m o d |
| 007 |
cr cnu|||||||| |
| 008 |
250816s2025 xx o ||| 0 eng d |
| 005 |
20260106180108.8 |
| 035 |
|
|
|a (OCoLC)on1528957466
|
| 040 |
|
|
|a EBLCP
|b eng
|c EBLCP
|d YDX
|d N$T
|d OCLCQ
|
| 019 |
|
|
|a 1528884848
|a 1532832852
|a 1540661521
|
| 020 |
|
|
|a 9781685690526
|
| 020 |
|
|
|a 1685690521
|
| 020 |
|
|
|z 1685690513
|
| 020 |
|
|
|z 9781685690519
|
| 035 |
|
|
|a (OCoLC)1528957466
|z (OCoLC)1528884848
|z (OCoLC)1532832852
|z (OCoLC)1540661521
|
| 049 |
|
|
|a TXAM
|
| 100 |
1 |
|
|a Arora, Ashish.
|
| 245 |
1 |
0 |
|a EV Batteries, Chargers, and Subsystems.
|
| 260 |
|
|
|a Norwood :
|b Artech House,
|c 2025.
|
| 300 |
|
|
|a 1 online resource (285 pages)
|
| 336 |
|
|
|a text
|b txt
|2 rdacontent
|
| 337 |
|
|
|a computer
|b c
|2 rdamedia
|
| 338 |
|
|
|a online resource
|b cr
|2 rdacarrier
|
| 500 |
|
|
|a Description based upon print version of record.
|
| 655 |
|
7 |
|a Electronic books.
|2 local
|
| 700 |
1 |
|
|a Menacho, Rita Garrido.
|
| 710 |
2 |
|
|a Knovel (Firm)
|
| 776 |
0 |
8 |
|i Print version:
|a Arora, Ashish
|t EV Batteries, Chargers, and Subsystems
|d Norwood : Artech House,c2025
|z 9781685690519
|
| 776 |
0 |
8 |
|i Print version:
|z 1685690513
|z 9781685690519
|w (OCoLC)1499210271
|
| 856 |
4 |
0 |
|u http://proxy.library.tamu.edu/login?url=https://app.knovel.com/hotlink/toc/id:kpEVBCS00E/ev-batteries-chargers?kpromoter=marc
|z Connect to the full text of this electronic book
|t 0
|
| 936 |
|
|
|a BATCHLOAD
|
| 955 |
|
|
|a Knovel ebooks
|
| 994 |
|
|
|a 92
|b TXA
|
| 999 |
f |
f |
|s bb4a9b12-dcd9-4d66-88b6-a69614a8abba
|i f7af84b2-63ee-424c-817f-82d7dc706dd7
|t 0
|
| 952 |
f |
f |
|a Texas A&M University
|b College Station
|c Electronic Resources
|d Available Online
|t 0
|h Library of Congress classification
|
| 998 |
f |
f |
|t 0
|l Available Online
|